00247 a2200109 450000100060000008200140000610000180002024500460003825000060008426000360009050000110012655514 a304.2 KUB aKuby, Michael aHuman geography in action, 3rd Ed with CD a3 aNJ USAbJohn Wiely & Sonsc2004 aCD/DVD